Tự học CorelDraw 8.0 trong 24 giờ
Sách cung cấp những kiến thức cơ sở về phiên bản mới nhất của CorelDraw: CorelDraw 8.0 kèm theo rất nhiều bài tập minh họa. Cuối cùng sách còn giới thiệu sơ lược về cách sử dụng Photo-Paint và Corel Dream 3D đồng thời kết hợp với CorelDraw...
Đã lưu trong:
| Tác giả chính: | |
|---|---|
| Định dạng: | Sách |
| Ngôn ngữ: | Undetermined |
| Được phát hành: |
Hà Nội
Thống Kê
1999
|
| Những chủ đề: | |
| Các nhãn: |
Thêm thẻ
Không có thẻ, Là người đầu tiên thẻ bản ghi này!
|
| Thư viện lưu trữ: | Trung tâm Học liệu Trường Đại học Cần Thơ |
|---|
| LEADER | 00964nam a2200205Ia 4500 | ||
|---|---|---|---|
| 001 | CTU_34148 | ||
| 008 | 210402s9999 xx 000 0 und d | ||
| 020 | |b 49.000đ | ||
| 082 | |a 006.68 | ||
| 082 | |b Th504 | ||
| 100 | |a Phạm, Trọng Thuật | ||
| 245 | 0 | |a Tự học CorelDraw 8.0 trong 24 giờ | |
| 245 | 0 | |c Phạm Trọng Thuật | |
| 260 | |a Hà Nội | ||
| 260 | |b Thống Kê | ||
| 260 | |c 1999 | ||
| 520 | |a Sách cung cấp những kiến thức cơ sở về phiên bản mới nhất của CorelDraw: CorelDraw 8.0 kèm theo rất nhiều bài tập minh họa. Cuối cùng sách còn giới thiệu sơ lược về cách sử dụng Photo-Paint và Corel Dream 3D đồng thời kết hợp với CorelDraw | ||
| 650 | |a Computer graphics,Computer-aided design,Coreldraw ( computer programs ) | ||
| 904 | |i Minh | ||
| 980 | |a Trung tâm Học liệu Trường Đại học Cần Thơ | ||